000 00539cam a22001457a 4500
008 180718b2007 xxu||||| |||| 00| 0 eng d
082 _aT15x54 P751/07-08
245 _aThe Marketing WhiteBook 2007-2008 : The Marketers' Essential Handbook
_cEdited By Jehangir S. Pocha
260 _aNew Delhi
_bBusinessworld
_c2007
300 _a326p.
650 _aMarketing -- India -- Handbooks, manuals, etc
650 _aMarketing -- India -- Statistics -- Periodicals
650 _aMarketing -- India -- Periodicals
700 _aPocha, Jehangir S.
999 _c503114
_d503114